[Event "Titled Tuesday intern op 23rd Apr Late"]
[Site "Chess.com INT"]
[Date "2024.04.23"]
[Round "7"]
[White "Rytenko, Vsevolod"]
[Black "Caspi, Israel"]
[Result "0-1"]
[WhiteElo "2362"]
[BlackElo "2468"]
[PlyCount "116"]
[EventDate "2024.04.23"]
[EventType "swiss (blitz)"]
[EventRounds "11"]
[EventCountry "USA"]
[SourceTitle "CB18_2024"]
[SourceDate "2024.05.01"]
[SourceVersion "1"]
[SourceVersionDate "2024.05.01"]
[SourceQuality "2"]

1. d4 f5 2. Nf3 Nf6 3. c4 g6 4. g3 Bg7 5. Bg2 0-0 6. Nc3 d6 7. 0-0 Qe8 8. Re1 Qf7 9. b3 Ne4 10. Bb2 c6 11. a4 a5 12. Qd3 Na6 13. Ba3 Nxc3 14. Qxc3 Nc5 15. Qe3 Ne4 16. Nd2 Nxd2 17. Qxd2 f4 18. Qxf4 Qxf4 19. gxf4 Bxd4 20. Rad1 Bc3 21. Rf1 Rxf4 22. e3 Rf7 23. Rd3 Bf6 24. f4 Bg4 25. e4 Be2 26. Rfd1 Bxd1 27. Rxd1 g5 28. Bh3 Kh8 29. Be6 Rg7 30. f5 g4 31. c5 dxc5 32. Rd7 b6 33. Kg2 h5 34. Bc1 h4 35. Bf4 b5 36. Rc7 bxa4 37. bxa4 Rb8 38. Rxc6 Rb2+ 39. Kf1 Bd4 40. Bh6 Rf2+ 41. Ke1 Rxh2 42. Bxg7+ Kxg7 43. f6+ exf6 44. Bxg4 Kh6 45. Bf5 Kg5 46. Rc7 Kf4 47. Kd1 Ke3 48. Rh7 c4 49. Rc7 c3 50. Rc8 Be5 51. Kc1 Ra2 52. Kb1 Rxa4 53. Rh8 Rb4+ 54. Kc1 Bg3 55. e5 Bxe5 56. Bc2 Rg4 57. Kb1 Rg1+ 58. Ka2 Rg2 0-1

[Event "Titled Tuesday intern op 23rd Apr Late"]
[Site "Chess.com INT"]
[Date "2024.04.23"]
[Round "4"]
[White "Rytenko, Vsevolod"]
[Black "Passen, Brett"]
[Result "1-0"]
[WhiteElo "2362"]
[BlackElo "1917"]
[PlyCount "71"]
[EventDate "2024.04.23"]
[EventType "swiss (blitz)"]
[EventRounds "11"]
[EventCountry "USA"]
[SourceTitle "CB18_2024"]
[SourceDate "2024.05.01"]
[SourceVersion "1"]
[SourceVersionDate "2024.05.01"]
[SourceQuality "2"]

1. e4 c5 2. Nf3 e6 3. d4 cxd4 4. Nxd4 a6 5. Nc3 b5 6. Bd3 Bb7 7. 0-0 Nc6 8. Nxc6 Bxc6 9. a3 Ne7 10. Qe2 d6 11. b3 Ng6 12. f4 Be7 13. Bb2 0-0 14. Rad1 Qb6+ 15. Kh1 Bf6 16. e5 dxe5 17. Bxg6 hxg6 18. fxe5 Bg5 19. Ne4 Bxe4 20. Qxe4 Rad8 21. Bd4 Qa5 22. Bc5 Rxd1 23. Rxd1 Rd8 24. Rd6 Be7 25. Bb4 Qc7 26. Rxd8+ Bxd8 27. h3 Kh7 28. c4 Qd7 29. Bd6 Bb6 30. c5 Bc7 31. c6 Qd8 32. Qd4 Bb6 33. Qc3 Qg5 34. c7 Qf4 35. Qd3 Qf2 36. Qd1 1-0

[Event "Titled Tuesday intern op 23rd Apr Late"]
[Site "Chess.com INT"]
[Date "2024.04.23"]
[Round "9"]
[White "Vifleemskaia, Svetlana"]
[Black "Rytenko, Vsevolod"]
[Result "0-1"]
[WhiteElo "1942"]
[BlackElo "2362"]
[PlyCount "80"]
[EventDate "2024.04.23"]
[EventType "swiss (blitz)"]
[EventRounds "11"]
[EventCountry "USA"]
[SourceTitle "CB18_2024"]
[SourceDate "2024.05.01"]
[SourceVersion "1"]
[SourceVersionDate "2024.05.01"]
[SourceQuality "2"]

1. d4 Nf6 2. c4 e6 3. Nc3 d5 4. cxd5 exd5 5. Bg5 c6 6. e3 Be7 7. Bd3 Nbd7 8. Qc2 h6 9. Bh4 Nh5 10. Bxe7 Qxe7 11. Nge2 Nb6 12. 0-0-0 Be6 13. h3 0-0-0 14. Kb1 Kb8 15. Na4 Nf6 16. Nxb6 axb6 17. Qb3 Nd7 18. Nf4 g5 19. Ne2 c5 20. Qb5 c4 21. Bc2 Qd6 22. a3 Qc6 23. Qb4 b5 24. Nc3 Nb6 25. Nxb5 Bd7 26. Nc3 Nc8 27. Qc5 Qxc5 28. dxc5 Bc6 29. Rd4 Ne7 30. Rhd1 f5 31. g3 Kc7 32. f4 Rhg8 33. Rf1 gxf4 34. Rdxf4 Rxg3 35. Bxf5 Rxe3 36. Bg4 d4 37. Ne2 d3 38. Nc3 d2 39. Rd1 Nd5 40. Rxc4 Re1 0-1

[Event "Titled Tuesday intern op 28th Mar Late"]
[Site "Chess.com INT"]
[Date "2023.03.28"]
[Round "1"]
[White "Rytenko, Vsevolod"]
[Black "Sarkar, Justin"]
[Result "1-0"]
[WhiteElo "2362"]
[BlackElo "2338"]
[PlyCount "57"]
[EventDate "2023.03.28"]
[EventType "swiss (blitz)"]
[EventRounds "11"]
[EventCountry "USA"]
[SourceTitle "EXT 2024"]
[Source "ChessBase"]
[SourceDate "2023.10.10"]
[SourceVersion "1"]
[SourceVersionDate "2023.10.10"]
[SourceQuality "1"]

1. e4 c5 2. Nf3 Nc6 3. d4 cxd4 4. Nxd4 g6 5. Nxc6 bxc6 6. Bd3 Bg7 7. 0-0 d6 8. Nd2 Nf6 9. Rb1 0-0 10. b3 Ng4 11. Bb2 Bxb2 12. Rxb2 a5 13. a3 Qc7 14. h3 Ne5 15. Be2 c5 16. f4 Nc6 17. Nf3 a4 18. Ra2 axb3 19. cxb3 Ba6 20. Bxa6 Rxa6 21. Qe2 Rfa8 22. Rfa1 Qb6 23. Qe3 Nb4 24. Rd2 Rxa3 25. Rxa3 Rxa3 26. e5 Qc6 27. exd6 exd6 28. f5 Ra8 29. Qh6 1-0

[Event "Titled Tuesday intern op 7th Mar Late"]
[Site "Chess.com INT"]
[Date "2023.03.07"]
[Round "5"]
[White "Huber, Benedikt"]
[Black "Rytenko, Vsevolod"]
[Result "0-1"]
[WhiteElo "2316"]
[BlackElo "2362"]
[PlyCount "38"]
[EventDate "2023.03.07"]
[EventType "swiss (blitz)"]
[EventRounds "11"]
[EventCountry "USA"]
[SourceTitle "EXT 2024"]
[Source "ChessBase"]
[SourceDate "2023.10.10"]
[SourceVersion "1"]
[SourceVersionDate "2023.10.10"]
[SourceQuality "1"]

1. d4 d5 2. Nf3 c6 3. e3 Nf6 4. Bd3 Bg4 5. h3 Bh5 6. 0-0 Nbd7 7. b3 e5 8. dxe5 Nxe5 9. Be2 Bxf3 10. Bxf3 Bd6 11. Bb2 Qe7 12. Nd2 h5 13. e4 g5 14. g3 g4 15. Bh1 h4 16. exd5 hxg3 17. fxg3 Bc5+ 18. Kg2 gxh3+ 19. Kh2 Nfg4+ 0-1

[Event "Titled Tuesday intern op 7th Mar Late"]
[Site "Chess.com INT"]
[Date "2023.03.07"]
[Round "9"]
[White "Sreyas, Payyappat"]
[Black "Rytenko, Vsevolod"]
[Result "0-1"]
[WhiteElo "2107"]
[BlackElo "2362"]
[PlyCount "94"]
[EventDate "2023.03.07"]
[EventType "swiss (blitz)"]
[EventRounds "11"]
[EventCountry "USA"]
[SourceTitle "EXT 2024"]
[Source "ChessBase"]
[SourceDate "2023.10.10"]
[SourceVersion "1"]
[SourceVersionDate "2023.10.10"]
[SourceQuality "1"]

1. e4 c5 2. Nf3 d6 3. d4 cxd4 4. Nxd4 Nf6 5. Nc3 g6 6. f4 Nc6 7. Be3 Bg7 8. Be2 0-0 9. Qd3 Bd7 10. 0-0 Rc8 11. h3 Nb4 12. Qd2 a5 13. Bf3 Ne8 14. Rad1 Nc7 15. g4 Ne6 16. Nxe6 Bxe6 17. a3 Nc6 18. f5 Bc4 19. Be2 Bxc3 20. bxc3 Ne5 21. Bd4 Qc7 22. Bxc4 Qxc4 23. f6 exf6 24. Rxf6 Nc6 25. Rxd6 Rfd8 26. Rxd8+ Rxd8 27. Qg5 Re8 28. Qf6 Nxd4 29. Qxd4 Qe2 30. Qd3 Rxe4 31. Qxe2 Rxe2 32. Rd5 b6 33. Rb5 Rxc2 34. Rxb6 Rxc3 35. a4 Rxh3 36. Rb5 Rg3+ 37. Kf2 Rxg4 38. Rxa5 h5 39. Ra8+ Kg7 40. a5 Ra4 41. a6 g5 42. a7 h4 43. Kg2 g4 44. Kf2 Ra2+ 45. Ke3 h3 46. Kf4 h2 47. Kxg4 h1Q 0-1

[Event "Titled Tuesday intern op 11th Oct Late"]
[Site "Chess.com INT"]
[Date "2022.10.11"]
[Round "2"]
[White "Rytenko, Vsevolod"]
[Black "Aarav, Dengla"]
[Result "0-1"]
[WhiteElo "2362"]
[BlackElo "2357"]
[PlyCount "102"]
[EventDate "2022.10.11"]
[EventType "swiss (blitz)"]
[EventRounds "11"]
[EventCountry "USA"]
[SourceTitle "EXT 2024"]
[Source "ChessBase"]
[SourceDate "2023.10.10"]
[SourceVersion "1"]
[SourceVersionDate "2023.10.10"]
[SourceQuality "1"]

1. e4 c5 2. Nf3 d6 3. d4 cxd4 4. Nxd4 Nf6 5. Nc3 a6 6. Rg1 e5 7. Nb3 Be6 8. g4 d5 9. g5 Nxe4 10. Nxe4 dxe4 11. Qxd8+ Kxd8 12. Be3 Nc6 13. 0-0-0+ Kc7 14. Bg2 Bg4 15. Rd2 Bf3 16. Bxf3 exf3 17. Rgd1 Be7 18. Rd7+ Kc8 19. Na5 Rd8 20. Rxd8+ Bxd8 21. Nxc6 bxc6 22. h4 Be7 23. a4 Rb8 24. a5 Rb4 25. Rh1 Ra4 26. Kd2 Rxa5 27. Kd3 Ra4 28. b3 e4+ 29. Kd2 Ra5 30. Kc3 f6 31. Rg1 Kd7 32. Kc4 Ke6 33. b4 Rb5 34. c3 a5 35. bxa5 Rxa5 36. Rg4 f5 37. Rg1 Bd6 38. g6 h6 39. Bxh6 Be5 40. Be3 Ra3 41. Bd4 Bxd4 42. Kxd4 Ra2 43. h5 Rxf2 44. h6 Rd2+ 45. Ke3 Rd3+ 46. Kf4 gxh6 47. g7 Rd8 48. Rg6+ Kf7 49. Kxf5 f2 50. Rf6+ Kxg7 51. Rg6+ Kh7 0-1

[Event "Titled Tuesday intern op 16th Aug Late"]
[Site "Chess.com INT"]
[Date "2022.08.16"]
[Round "4"]
[White "Rytenko, Vsevolod"]
[Black "Shimanov, Aleksandr"]
[Result "0-1"]
[WhiteElo "2362"]
[BlackElo "2581"]
[PlyCount "46"]
[EventDate "2022.08.16"]
[EventType "swiss (blitz)"]
[EventRounds "11"]
[EventCountry "USA"]
[SourceTitle "EXT 2023"]
[Source "ChessBase"]
[SourceDate "2022.10.05"]
[SourceVersion "1"]
[SourceVersionDate "2022.10.05"]
[SourceQuality "1"]

1. e4 d5 2. Nc3 dxe4 3. Nxe4 Nf6 4. Nxf6+ exf6 5. d4 Bd6 6. Bd3 0-0 7. Ne2 Re8 8. 0-0 Nd7 9. c3 Nf8 10. Bf4 Rxe2 11. Bxd6 Rxb2 12. Bb4 a5 13. Qc1 Rxb4 14. cxb4 Qxd4 15. Rd1 Qe5 16. Re1 Qd6 17. Re8 axb4 18. Qe3 b3 19. a4 b2 20. Rb1 Rxa4 21. Rxc8 Ra3 22. Rd1 Rxd3 23. Rxf8+ Kxf8 0-1

[Event "Titled Tuesday intern op 02nd Aug Late"]
[Site "Chess.com INT"]
[Date "2022.08.02"]
[Round "3"]
[White "Rytenko, Vsevolod"]
[Black "Riehle, Marco"]
[Result "0-1"]
[WhiteElo "2362"]
[BlackElo "2353"]
[PlyCount "152"]
[EventDate "2022.08.02"]
[EventType "swiss (blitz)"]
[EventRounds "11"]
[EventCountry "USA"]
[SourceTitle "EXT 2023"]
[Source "ChessBase"]
[SourceDate "2022.10.05"]
[SourceVersion "1"]
[SourceVersionDate "2022.10.05"]
[SourceQuality "1"]

1. e4 e5 2. Nf3 Nf6 3. Nc3 Nc6 4. a3 Bc5 5. Nxe5 0-0 6. Nd3 Bd4 7. Be2 Bxc3 8. dxc3 Nxe4 9. 0-0 d5 10. Bf3 Bf5 11. Nf4 Ne7 12. Re1 c6 13. c4 Ng5 14. cxd5 Nxf3+ 15. Qxf3 Nxd5 16. Nxd5 Qxd5 17. Qxd5 cxd5 18. c3 Be6 19. Be3 a6 20. Bd4 Rac8 21. Re3 g6 22. Rae1 Rc6 23. h4 h5 24. f3 Rfc8 25. Kf2 Kf8 26. Re5 b5 27. Kg3 a5 28. Kf4 b4 29. axb4 axb4 30. Kg5 bxc3 31. bxc3 Ra8 32. g4 hxg4 33. fxg4 Ra2 34. h5 Rg2 35. Rg1 Rxg1 36. Bxg1 gxh5 37. gxh5 Rxc3 38. Bd4 Rg3+ 39. Kh6 Rg4 40. Bc5+ Ke8 41. Rg5 Rc4 42. Kg7 Rxc5 43. h6 Ke7 44. h7 Rc8 45. Rg1 d4 46. Rd1 Bf5 47. Rxd4 Bxh7 48. Kxh7 Rc1 49. Kh6 Rg1 50. Kh5 f5 51. Rd5 Ke6 52. Ra5 f4 53. Kh4 f3 54. Ra2 Kf5 55. Kh3 Kf4 56. Kh2 Re1 57. Ra4+ Ke3 58. Ra3+ Kf2 59. Ra2+ Re2 60. Ra1 Rd2 61. Rb1 Ra2 62. Rc1 Re2 63. Ra1 Re1 64. Ra2+ Ke3 65. Kg3 Rg1+ 66. Kh2 Rg7 67. Ra3+ Kf4 68. Ra4+ Kf5 69. Ra5+ Kg4 70. Ra4+ Kh5 71. Ra5+ Kh4 72. Ra4+ Rg4 73. Rxg4+ Kxg4 74. Kh1 Kh3 75. Kg1 Kg3 76. Kf1 f2 0-1

[Event "Titled Tuesday intern op 03rd May Late"]
[Site "Chess.com INT"]
[Date "2022.05.03"]
[Round "7"]
[White "Korchmar, Vasiliy"]
[Black "Rytenko, Vsevolod"]
[Result "1/2-1/2"]
[WhiteElo "2450"]
[BlackElo "2362"]
[PlyCount "154"]
[EventDate "2022.05.03"]
[EventType "swiss (blitz)"]
[EventRounds "11"]
[EventCountry "USA"]
[SourceTitle "CBM 208 Extra"]
[Source "ChessBase"]
[SourceDate "2022.07.31"]
[SourceVersion "1"]
[SourceVersionDate "2022.07.31"]
[SourceQuality "1"]

1. e4 d6 2. d4 Nf6 3. Nc3 g6 4. g3 Bg7 5. Bg2 0-0 6. Nge2 c5 7. dxc5 dxc5 8. Qxd8 Rxd8 9. e5 Ng4 10. f4 Nc6 11. h3 Nh6 12. g4 Nb4 13. Be4 f5 14. exf6 exf6 15. Be3 Re8 16. 0-0-0 Nxa2+ 17. Kb1 Nxc3+ 18. Nxc3 f5 19. Bd5+ Be6 20. g5 Bxc3 21. Bxc5 Bg7 22. gxh6 Bxh6 23. Bxb7 Rab8 24. Bc6 Rec8 25. Bxa7 Rb4 26. Bd7 Bxd7 27. Rxd7 Bg7 28. b3 Rxf4 29. Re1 Re4 30. Rxe4 fxe4 31. Bd4 Bf8 32. c4 Re8 33. Be3 Re6 34. Kc2 Rf6 35. c5 Rf3 36. Kd2 Rxh3 37. c6 Bb4+ 38. Ke2 Rh2+ 39. Kd1 Rh1+ 40. Kc2 Rh2+ 41. Kb1 Rh1+ 42. Kb2 Rh2+ 43. Kc1 Rh1+ 44. Kc2 Rh2+ 45. Kd1 Rh1+ 46. Ke2 Rh2+ 47. Kf1 Rc2 48. c7 Ba5 49. Rd8+ Kf7 50. c8Q Rxc8 51. Rxc8 Ke6 52. Ra8 Bc3 53. Rc8 Be5 54. Rc4 Kd5 55. Rc5+ Ke6 56. b4 Bd6 57. Rc4 Kd5 58. Rd4+ Ke5 59. Rc4 Kd5 60. Rd4+ Ke5 61. b5 Bc5 62. Rxe4+ Kxe4 63. Bxc5 Kd5 64. b6 Kc6 65. Kg2 g5 66. Kg3 h5 67. Be3 Kb7 68. Kf3 Kc6 69. Ke4 h4 70. Kf3 Kb7 71. Kg4 Kc6 72. Bg1 Kb7 73. Bf2 Kc6 74. Bg1 Kb7 75. Kxg5 h3 76. Kh4 h2 77. Bxh2 Kxb6 1/2-1/2

[Event "Titled Tuesday intern op 03rd May Late"]
[Site "Chess.com INT"]
[Date "2022.05.03"]
[Round "3"]
[White "Rytenko, Vsevolod"]
[Black "Tang, Andrew"]
[Result "1/2-1/2"]
[WhiteElo "2362"]
[BlackElo "2508"]
[PlyCount "183"]
[EventDate "2022.05.03"]
[EventType "swiss (blitz)"]
[EventRounds "11"]
[EventCountry "USA"]
[SourceTitle "CBM 208 Extra"]
[Source "ChessBase"]
[SourceDate "2022.07.31"]
[SourceVersion "1"]
[SourceVersionDate "2022.07.31"]
[SourceQuality "1"]

1. e4 e5 2. Nf3 Nc6 3. Bb5 g6 4. 0-0 Bg7 5. c3 a6 6. Ba4 b5 7. Bb3 Na5 8. Bc2 Ne7 9. d4 exd4 10. cxd4 0-0 11. Bg5 h6 12. Bh4 d6 13. Nc3 g5 14. Bg3 f5 15. exf5 Nxf5 16. Qd3 Qf6 17. Rae1 Nc4 18. Nd5 Qf7 19. Ne7+ Kh8 20. Nxc8 Raxc8 21. b3 Na3 22. Qxf5 Qxf5 23. Bxf5 Rxf5 24. Re7 Rd5 25. Rc1 g4 26. Nh4 Bxd4 27. Ng6+ Kg8 28. Rexc7 Rxc7 29. Rxc7 Bf6 30. h3 Rd1+ 31. Kh2 gxh3 32. Kxh3 b4 33. Kg4 Rd5 34. Nf4 Rg5+ 35. Kf3 Nb5 36. Rb7 Nd4+ 37. Ke4 Re5+ 38. Kd3 Nb5 39. Rb6 a5 40. Ne2 Rd5+ 41. Ke4 Rc5 42. Bxd6 Nxd6+ 43. Rxd6 Rc2 44. Nf4 Kf7 45. Rd7+ Ke8 46. Ra7 Rxa2 47. Kf5 Bd4 48. Ra8+ Kd7 49. f3 Be3 50. Nd5 Bc5 51. g4 Kc6 52. Nf4 Kb7 53. Rh8 a4 54. bxa4 b3 55. Nd3 Bd4 56. Rxh6 Rd2 57. Rh7+ Kb6 58. Ke4 Bc3 59. Rh6+ Ka5 60. Rh7 Re2+ 61. Kd5 Re3 62. Kc4 Bf6 63. Ra7+ Kb6 64. Rd7 b2 65. Nxb2 Bxb2 66. Rd3 Re2 67. Rb3+ Ka5 68. Rb8 Rc2+ 69. Kd5 Rf2 70. Ke4 Kxa4 71. f4 Bc1 72. f5 Rf4+ 73. Ke5 Rxg4 74. Ke6 Re4+ 75. Kd5 Rf4 76. Ke6 Rf3 77. f6 Ba3 78. f7 Bc5 79. Rc8 Bb4 80. Rb8 Bc5 81. Rc8 Re3+ 82. Kd7 Rd3+ 83. Ke6 Re3+ 84. Kf6 Bb4 85. Rc4 Rf3+ 86. Kg6 Kb3 87. Rxb4+ Kxb4 88. Kg7 Rg3+ 89. Kf6 Rf3+ 90. Ke7 Kc5 91. f8Q Rxf8 92. Kxf8 1/2-1/2

[Event "Titled Tuesday intern op 19th Apr Late"]
[Site "Chess.com INT"]
[Date "2022.04.19"]
[Round "10"]
[White "Kazakouski, Valery"]
[Black "Rytenko, Vsevolod"]
[Result "1/2-1/2"]
[WhiteElo "2524"]
[BlackElo "2362"]
[PlyCount "116"]
[EventDate "2022.04.19"]
[EventType "swiss (blitz)"]
[EventRounds "11"]
[EventCountry "USA"]
[SourceTitle "EXT 2023"]
[Source "ChessBase"]
[SourceDate "2022.10.05"]
[SourceVersion "1"]
[SourceVersionDate "2022.10.05"]
[SourceQuality "1"]

1. d4 d5 2. c4 c6 3. Nf3 Nf6 4. Qc2 g6 5. Bf4 Bf5 6. Qb3 Bg7 7. Qxb7 Nbd7 8. Nc3 0-0 9. e3 Nh5 10. Bc7 Qc8 11. Qxc8 Rfxc8 12. Ba5 Rab8 13. 0-0-0 Nhf6 14. c5 e5 15. Ba6 Re8 16. Bc7 exd4 17. Nxd4 Rb4 18. Nxc6 Rg4 19. Bg3 Nxc5 20. Be2 Rc4 21. Bxc4 dxc4 22. Nxa7 Ra8 23. Nab5 Nfe4 24. Rd5 Nd3+ 25. Rxd3 cxd3 26. a3 Nxc3 27. bxc3 Bd7 28. Nd4 Rxa3 29. Kd2 Bf5 30. Nxf5 Bxc3+ 31. Kxd3 gxf5 32. Ke2 Kg7 33. Kf3 Kg6 34. Rd1 f6 35. Rd7 Ra6 36. Rc7 Be5 37. Bxe5 fxe5 38. Re7 Kf6 39. Re8 e4+ 40. Kf4 Ra2 41. Rf8+ Kg7 42. Rxf5 Rxf2+ 43. Kxe4 Rxg2 44. h4 Rg4+ 45. Rf4 Rg1 46. Kf5 Kf7 47. e4 Re1 48. Kg5+ Ke6 49. Kh6 Ke5 50. Rg4 Rxe4 51. Rxe4+ Kxe4 52. Kxh7 Kf5 53. h5 Kf6 54. h6 Kf7 55. Kh8 Kf8 56. Kh7 Kf7 57. Kh8 Kf8 58. Kh7 Kf7 1/2-1/2

[Event "Titled Tuesday intern op 19th Apr Late"]
[Site "Chess.com INT"]
[Date "2022.04.19"]
[Round "8"]
[White "Svane, Rasmus"]
[Black "Rytenko, Vsevolod"]
[Result "0-1"]
[WhiteElo "2648"]
[BlackElo "2362"]
[PlyCount "172"]
[EventDate "2022.04.19"]
[EventType "swiss (blitz)"]
[EventRounds "11"]
[EventCountry "USA"]
[SourceTitle "EXT 2023"]
[Source "ChessBase"]
[SourceDate "2022.10.05"]
[SourceVersion "1"]
[SourceVersionDate "2022.10.05"]
[SourceQuality "1"]

1. Nf3 Nf6 2. g3 c6 3. Bg2 d5 4. 0-0 Bg4 5. h3 Bxf3 6. Bxf3 Nbd7 7. d3 e6 8. e4 Bd6 9. Nd2 0-0 10. d4 dxe4 11. Nxe4 Nxe4 12. Bxe4 Nf6 13. Bf3 Qb6 14. c3 Rad8 15. Qb3 e5 16. dxe5 Bxe5 17. Be3 Qc7 18. Kg2 Nd5 19. Bxa7 b5 20. Bc5 Rfe8 21. Rad1 Bd6 22. Bxd6 Rxd6 23. Bxd5 cxd5 24. Rxd5 Qc6 25. Qxb5 Qxd5+ 26. Qxd5 Rxd5 27. a4 Rd2 28. b4 Rc2 29. b5 Rxc3 30. b6 Rb3 31. a5 g6 32. Rc1 Ra8 33. Rc5 Kf8 34. Re5 f6 35. Rc5 Ke7 36. Rc7+ Kd6 37. Ra7 Rb8 38. Rxh7 Ra3 39. Ra7 Kc6 40. Rf7 Rxa5 41. Rxf6+ Kc5 42. Rxg6 Rxb6 43. Rg5+ Kb4 44. Rg4+ Kc3 45. Rf4 Kd3 46. h4 Rd5 47. g4 Rd4 48. Rf3+ Ke4 49. h5 Rh6 50. Rf5 Rd1 51. f3+ Ke3 52. Re5+ Kf4 53. Rf5+ Ke3 54. Kg3 Rg1+ 55. Kh4 Rh1+ 56. Kg5 Rh8 57. Rf6 Rd1 58. f4 Rg1 59. f5 Kf3 60. h6 Rxg4+ 61. Kh5 Rg1 62. Rg6 Rh1+ 63. Kg5 Rg1+ 64. Kf6 Rd1 65. Kg7 Rdd8 66. f6 Rdg8+ 67. Kf7 Rf8+ 68. Kg7 Kf4 69. f7 Kf5 70. Rf6+ Kg5 71. Rg6+ Kh5 72. Rb6 Rd8 73. Rb5+ Kg4 74. h7 Rdf8 75. Re5 Kf4 76. Rb5 Ke4 77. Rb1 Kf4 78. Rf1+ Ke5 79. Re1+ Kd6 80. Re2 Kd5 81. Re3 Kd6 82. Re4 Kd7 83. Rh4 Ke6 84. Rh6+ Ke7 85. Rf6 Rxh7+ 86. Kg6 Rh6+ 0-1

[Event "Titled Tuesday intern op 12th Apr Late"]
[Site "Chess.com INT"]
[Date "2022.04.12"]
[Round "3"]
[White "Sernecki, Franciszek"]
[Black "Rytenko, Vsevolod"]
[Result "1-0"]
[WhiteElo "2272"]
[BlackElo "2362"]
[PlyCount "109"]
[EventDate "2022.04.12"]
[EventType "swiss (blitz)"]
[EventRounds "11"]
[EventCountry "USA"]
[SourceTitle "CBM 207 Extra"]
[Source "ChessBase"]
[SourceDate "2022.05.31"]
[SourceVersion "1"]
[SourceVersionDate "2022.05.31"]
[SourceQuality "1"]

1. d4 f5 2. Bg5 d5 3. Nf3 c6 4. e3 Nd7 5. Bd3 g6 6. h4 Ngf6 7. h5 Bg7 8. h6 Bf8 9. Nbd2 Qb6 10. Qe2 e6 11. 0-0-0 Be7 12. Ne5 Nxe5 13. dxe5 Ng8 14. Bxe7 Nxe7 15. c4 a5 16. g4 Bd7 17. gxf5 exf5 18. Nf3 0-0-0 19. Kb1 Kb8 20. Ng5 Be8 21. f4 d4 22. Ne6 Rc8 23. exd4 Bd7 24. Nc5 Rcd8 25. Bc2 Bc8 26. Rh3 Rxd4 27. Rxd4 Qxc5 28. Rhd3 Be6 29. Rd8+ Rxd8 30. Rxd8+ Kc7 31. Qd3 Bxc4 32. Qd6+ Qxd6 33. Rxd6 Nd5 34. Rxg6 Nxf4 35. Rg7+ Kb6 36. Rxh7 Ng6 37. Rg7 Nf8 38. Bxf5 Kc5 39. h7 Nxh7 40. Rxh7 b5 41. Rd7 Bd5 42. e6 a4 43. e7 Bf7 44. Be6 Bg6+ 45. Kc1 b4 46. Rd8 a3 47. bxa3 bxa3 48. e8Q Bxe8 49. Rxe8 Kb4 50. Bb3 c5 51. Rb8+ Kc3 52. Rc8 Kb4 53. Kc2 c4 54. Rxc4+ Kb5 55. Ra4 1-0

[Event "Titled Tuesday intern op 05th Apr Late"]
[Site "Chess.com INT"]
[Date "2022.04.05"]
[Round "8"]
[White "Bortnyk, Olexandr"]
[Black "Rytenko, Vsevolod"]
[Result "1-0"]
[WhiteElo "2604"]
[BlackElo "2362"]
[PlyCount "67"]
[EventDate "2022.04.05"]
[EventType "swiss (blitz)"]
[EventRounds "11"]
[EventCountry "USA"]
[SourceTitle "CBM 207 Extra"]
[Source "ChessBase"]
[SourceDate "2022.05.31"]
[SourceVersion "1"]
[SourceVersionDate "2022.05.31"]
[SourceQuality "1"]

1. d4 Nf6 2. Nc3 d5 3. Bf4 c5 4. e4 e6 5. exd5 Nxd5 6. Nxd5 exd5 7. Nf3 Nc6 8. Be2 Qb6 9. 0-0 cxd4 10. Bd3 Be6 11. Ng5 Be7 12. Nxe6 fxe6 13. Qg4 e5 14. Qxg7 0-0-0 15. Bxe5 Nxe5 16. Qxe5 Bd6 17. Qh5 Kb8 18. b3 Qc7 19. Rae1 h6 20. Re6 Bf4 21. g3 Rhg8 22. Rfe1 Bd2 23. R1e2 Bg5 24. Kg2 a6 25. a4 Rdf8 26. Re8+ Ka7 27. Rxf8 Rxf8 28. h4 Bc1 29. Qxd5 Rd8 30. Qe4 Qc5 31. Qe7 Qb6 32. Re6 Qa5 33. Rxa6+ Qxa6 34. Bxa6 1-0

[Event "Titled Tuesday intern op 22nd Feb Late"]
[Site "Chess.com INT"]
[Date "2022.02.22"]
[Round "5"]
[White "Budrewicz, Krzysztof"]
[Black "Rytenko, Vsevolod"]
[Result "1-0"]
[WhiteElo "2183"]
[BlackElo "2362"]
[PlyCount "79"]
[EventDate "2022.02.22"]
[EventType "swiss (blitz)"]
[EventRounds "11"]
[EventCountry "USA"]
[SourceTitle "CBM 207 Extra"]
[Source "ChessBase"]
[SourceDate "2022.05.31"]
[SourceVersion "1"]
[SourceVersionDate "2022.05.31"]
[SourceQuality "1"]

1. d4 Nf6 2. c4 e6 3. Nf3 Bb4+ 4. Bd2 Be7 5. Nc3 0-0 6. e4 d5 7. e5 Ne4 8. Bd3 Nxd2 9. Qxd2 dxc4 10. Bxc4 c5 11. d5 exd5 12. Nxd5 Nc6 13. 0-0 Be6 14. Rad1 Bg4 15. Qf4 Bxf3 16. Nf6+ Bxf6 17. Rxd8 Bxd8 18. Qxf3 Nxe5 19. Qxb7 Bf6 20. Bd5 Rab8 21. Qxa7 Rxb2 22. Qxc5 Nd3 23. Qa7 Rd2 24. Qe3 Bc3 25. Bc4 Rd8 26. Qe7 Bf6 27. Qxf7+ Kh8 28. Bxd3 R2xd3 29. g3 Ra3 30. Re1 Raa8 31. Re2 Rf8 32. Qd5 h6 33. h4 Rfd8 34. Qe6 Ra5 35. Kg2 Rda8 36. Kh3 R5a6 37. Qf7 R6a7 38. Re8+ Kh7 39. Qg8+ Kg6 40. Rxa8 1-0

[Event "Titled Tuesday intern op 08th Feb Early"]
[Site "Chess.com INT"]
[Date "2022.02.08"]
[Round "8"]
[White "Cramling Bellon, Anna"]
[Black "Rytenko, Vsevolod"]
[Result "1-0"]
[WhiteElo "2057"]
[BlackElo "2362"]
[PlyCount "117"]
[EventDate "2022.02.08"]
[EventType "swiss (blitz)"]
[EventRounds "11"]
[EventCountry "USA"]
[SourceTitle "CBM 206 Extra"]
[Source "ChessBase"]
[SourceDate "2022.03.31"]
[SourceVersion "1"]
[SourceVersionDate "2022.03.31"]
[SourceQuality "1"]

1. d4 d5 2. c4 c6 3. Nf3 Nf6 4. Nc3 Bf5 5. e3 e6 6. Bd3 Bg4 7. h3 Bh5 8. 0-0 Bd6 9. cxd5 exd5 10. Bd2 0-0 11. Be2 Nbd7 12. Rc1 Rc8 13. Re1 Bb8 14. Nh4 Bxe2 15. Qxe2 Re8 16. Nf5 Nf8 17. Qf3 Ng6 18. e4 dxe4 19. Nxe4 Nxe4 20. Rxe4 Qc7 21. g3 Qd7 22. Rce1 Rxe4 23. Qxe4 h6 24. Bc3 Rd8 25. d5 cxd5 26. Qd4 f6 27. Nxh6+ gxh6 28. Qxf6 Kh7 29. Re6 Rg8 30. h4 h5 31. Qg5 d4 32. Qxh5+ Kg7 33. Rxg6+ Kf8 34. Rf6+ Ke7 35. Qf7+ Kd8 36. Qxg8+ Kc7 37. Rf7 dxc3 38. Rxd7+ Kxd7 39. Qc4 cxb2 40. Qb3 Be5 41. Qd3+ Ke6 42. f4 Bf6 43. Qb1 a5 44. Kg2 a4 45. a3 b5 46. Kf3 Kd5 47. g4 Kc4 48. Qa2+ Kc3 49. g5 Bd4 50. Qb1 Kb3 51. f5 Kxa3 52. f6 Kb3 53. f7 Bc5 54. g6 a3 55. g7 a2 56. Qd3+ Ka4 57. Qc2+ Ka3 58. Qc3+ Ka4 59. Qxb2 1-0

[Event "Titled Tuesday intern op 08th Feb Early"]
[Site "Chess.com INT"]
[Date "2022.02.08"]
[Round "4"]
[White "Rytenko, Vsevolod"]
[Black "Stefanov, Plamen"]
[Result "1-0"]
[WhiteElo "2362"]
[BlackElo "2077"]
[PlyCount "51"]
[EventDate "2022.02.08"]
[EventType "swiss (blitz)"]
[EventRounds "11"]
[EventCountry "USA"]
[SourceTitle "CBM 206 Extra"]
[Source "ChessBase"]
[SourceDate "2022.03.31"]
[SourceVersion "1"]
[SourceVersionDate "2022.03.31"]
[SourceQuality "1"]

1. d4 Nf6 2. c4 c5 3. Nf3 cxd4 4. Nxd4 Nc6 5. g3 e6 6. Bg2 Bb4+ 7. Nc3 0-0 8. 0-0 Bxc3 9. bxc3 Qa5 10. Bd2 Qh5 11. e4 Ne5 12. Qb3 Nfg4 13. h3 d5 14. cxd5 exd5 15. hxg4 Nxg4 16. Rfe1 Qh2+ 17. Kf1 dxe4 18. Rxe4 h5 19. Nf3 Be6 20. Rxe6 fxe6 21. Nxh2 Rxf2+ 22. Kg1 Rxd2 23. Nxg4 hxg4 24. Qxe6+ Kh8 25. Re1 Rf8 26. Qxg4 1-0